| 000 | 01105nam a2200325 i 4500 | ||
|---|---|---|---|
| 999 |
_c200459422 _d77634 |
||
| 001 | 200459422 | ||
| 003 | TR-AnTOB | ||
| 005 | 20240227091811.0 | ||
| 007 | ta | ||
| 008 | 240223s2022 tu b 000 0 tur d | ||
| 020 |
_a9786254323164 _q(paperback) |
||
| 035 | _a(TR-AnTOB)200459422 | ||
| 040 |
_aTR-AnTOB _beng _erda _cTR-AnTOB |
||
| 041 | 0 | _atur | |
| 050 | 4 |
_aKKX1074 _b.Ü9454 2022 |
|
| 090 |
_aKKX1074 _b.Ü9454 2022 |
||
| 100 | 1 |
_aÜzeler Demirağ, Sanem _eauthor _9145073 |
|
| 245 | 1 | 0 |
_aHalka açık anonim şirketler bakımından şirketler topluluğunda ortak nakit ve hizmet kullanımının hukuki sonuçları / _cDr. Sanem Üzeler Demirağ. |
| 250 | _a1. baskı. | ||
| 264 | 1 |
_aİstanbul : _bOn İki Levha Yayıncılık, _c2022. |
|
| 300 |
_axxv, 546 pages ; _c24 cm |
||
| 336 |
_atext _btxt _2rdacontent |
||
| 337 |
_aunmediated _bn _2rdamedia |
||
| 338 |
_avolume _bnc _2rdacarrier |
||
| 500 | _a"Yayın no: 2126" title page verso. | ||
| 504 | _aBIB | ||
| 650 | 7 |
_aŞirket rezervleri _xHukuk ve mevzuat _zTürkiye _2etuturkob _9145074 |
|
| 942 |
_2lcc _cBK |
||